Biblioteca Parlamentaria
Catálogo en línea

Abdalá Bucaram Puley pedirá a Ecuador Tv que le entregue factura de la transmisión de convención de Alianza País (Registro nro. 35342)

000 -CABECERA
Campo de control interno 01313nam a22001817a 4500
005 - FECHA Y HORA DE LA CATALOGACION
Campo de control 20161005152407.0
008 - ELEMENTOS DE LONGITUD FIJA - INFORMACION
Elementos de Longitud Fija - Informaci 161005b xxu||||| |||| 00| 0 eng d
040 ## - ORIGEN DE LA CATALOGACION
Origen de la Catalogación ANE
041 ## - CODIGO DE LENGUAJE
Código de lenguaje del texto Es
082 ## - NUMERO DE CLASIFICACION DECIMAL DEWEY
1ra. Clasificación TV-4312
100 ## - ENTREVISTADO
Entrevistado Bucaram Pulley, Abdalá
Rol del entrevistado candidato presidencial por Fuerza Ecuador (FE)
245 ## - TÍTULO GENERAL
Título Abdalá Bucaram Puley pedirá a Ecuador Tv que le entregue factura de la transmisión de convención de Alianza País
260 ## - EDITORIAL
Ciudad Guayaquil
Televisora que emite el programa Teleamazonas
Fecha del Programa 2016-10-05
300 ## - DESCRIPCION
Duración en minutos, horas (del programa) p.
520 ## - RESUMEN
Resumen Abdalá Bucaram Pulley, candidato presidencial por Fuerza Ecuador (FE), se manifestó sobre la transmisión de la convención de Alianza País por la televisión pública y los medios incautados (Gama y TC Televisión), que dijo “es un signo más de que el oficialismo se ha convertido en un “Estado candidato”. “Además criticó que “sin rubor”, los medios pertenecientes al gobierno hayan transmitido la convención de la lista del presidente Correa. “Convirtieron la sabatina en convención nacional”, acotó.


650 ## - DESCRIPTORES - TEMAS
Temas - Descriptores reclamo transmisión/candidato Fuerza Ecuador/política Ecuador/Teleamazonas Guayaquil/elecciones 2017/transmisión convención/Alianza País/televisión pública/medios incautados/Gama TV TC Televisión/Estado candidato/
942 ## - ELEMENTOS DE KOHA
Esquema de Clasificaci
Tipo de Documento Material Multimedia (radio y televisión)
Catalogador IES.
Existencias
Withdrawn status Lost status Fuente de Clasificaci Damaged status Not for loan Ubicaci Biblioteca Fecha de Adquisición Signatura Topogr Código de barras Date last seen Price effective from Tipo de Item
          Biblioteca Asamblea Nacional Biblioteca Asamblea Nacional 2016-10-05 TV-4312 TV-4312 2016-10-05 2016-10-05 Material Multimedia (radio y televisión)
Dirección: Av. 6 de Diciembre y Piedrahita | Quito - Ecuador
Teléfonos: 593-23991000 Ext: 1147/1148
Correo:
archivo.biblioteca@asambleanacional.gob.ec

Soporte: FusionSolutions Cia. Ltda
archivobiblioteca white

Con tecnología Koha